| 000 | 01311nam a2200289 i 4500 | ||
|---|---|---|---|
| 001 | 88993 | ||
| 003 | ES-MaACL | ||
| 005 | 20250522193610.0 | ||
| 007 | t| | ||
| 008 | 050121s2004 sp a ||||1| spa d | ||
| 080 | _a782.1(083.97) | ||
| 100 | 1 |
_aHenze, Hans Werner. _962619 |
|
| 245 | 1 | 2 |
_aL'Upupa _b: und der triumph der sohnesliebe : ein deutscher lustpiel (comedia alemana), once cuadros árabes / _cHans Werner Henze : estrenada en el Kleines Fespielhaus del Ferstival de Salzburgo el 12 de agosto de 2003 ; nueva producción del Teatro Real, en coproducción con el Festival de Salzburgo y la Deutsche Oper Berlin. |
| 260 |
_a[Madrid] : _bTeatro Real, _c2004. |
||
| 300 |
_a191 p. : _bil. col. y n. ; _c24 cm. |
||
| 500 | _aTeatro Real, temporada 2004-2005 en anteportada. | ||
| 500 | _aPrograma de las representaciones habidas los días 7,9,11,14,16,19,21,23 de diciembre de 2004. | ||
| 500 | _aTexto del libreto en alemán y traducción al español. | ||
| 650 | 4 |
_aÓperas- _xProgramas. _9170038 |
|
| 700 | 1 |
_aIllica, Luigi. _965194 |
|
| 700 | 1 |
_aPuccini, Giacomo, _d1858-1924 _9240509 |
|
| 700 |
_aGiacosa, Giuseppe, _d1847-1906 _9237867 |
||
| 700 | 1 |
_aSardou, Victorien. _9103800 |
|
| 710 | 2 |
_aTeatro Real (Madrid) _96926 |
|
| 852 |
_aES-MaACL _jL-28617 |
||
| 999 |
_c88993 _d88993 |
||